Statistiken für Top 15 der betroffenen Covid-19-Länder - 18. Mai

Klicken Sie hier um das Quiz zu spielen!

Allgemein

  • Dieses Quiz wurde 14 mal gespielt
  • Das Durchschnittsergebnis liegt bei 17 aus 25

Antwortstatistiken

Land% Korrekt
Deutschland
100%
Italien
100%
Spanien
100%
Vereinigtes Königreich
100%
Vereinigte Staaten
100%
Brasilien
93%
China
93%
Frankreich
93%
Russland
93%
Belgien
79%
Iran
79%
Indien
71%
Kanada
71%
Schweden
71%
Türkei
71%
Portugal
64%
Peru
57%
Irland
50%
Schweiz
50%
Saudi-Arabien
43%
Weißrussland
43%
Bahrain
29%
Katar
29%
Singapur
29%
Kuwait
21%

Verteilung der Resultate

Perzentil nach korrekt beantworteten Fragen

Anzahl Personen mit jedem Resultat

Ihre Resultats-Entwicklung

Sie haben dieses Quiz noch nicht gespielt